Statistiques concernant Films mal décrits #2

Cliquez ici pour prendre le quiz!

Statistiques générales

  • Ce quiz a été pris 11 913 fois
  • Le résultat moyen est 9 sur 15

Statistiques - réponses

Synopsis bancalFilm% Correct
Un homme qui passe plus de temps à combattre qu'à être archéologueIndiana Jones
84%
Un titre mensonger puisqu'en fait ils réussissent toutes leurs missionsMission Impossible
83%
Une femme veut tuer tout le monde, donc elle découpe tout le monde au katanaKill Bill
80%
Un robot du futur cherche à éviter une naissance en tuant la mèreTerminator
80%
Un chauve à lunettes demande à un geek s'il veut sortir d'une réalité informatiqueMatrix
71%
Une unité spéciale doit faire rêver un homme qu'il rêve de rêver d'un trucInception
67%
Une homme donne naissance par césarienne forcée sans anesthésie dans une navette spatialeAlien, le huitième passager
64%
Un homme veut chercher, trouver et tuer les gens qui ont enlevé sa filleTaken
60%
Un héros de la guerre du Vietnam se fait traquer par un shérif et ses hommes pour aucune foutue raison, puis sauve des gens dans les 4 films d'aprèsRambo
51%
Dans un monde apocalyptique, les policiers et les hors-la-loi cherchent quand même à avoir la plus grosse voitureMad Max
48%
Un conducteur de taxi volant doit aider une fille très bizarre à retrouver un temple extraterrestreLe Cinquième Élément
45%
Un homme en costume s'appelle comme un nombre et ça ne pose de problème à personneJames Bond
40%
Des gens pilotent des mégas-robots pour se défendre de méga-lézards aquatiquesPacific Rim
38%
Des gens normaux mettant des costumes de tortues ninjas pour faire semblant d'avoir des pouvoirsKick Ass
31%
Schwarzenegger à moitié amnésique tue tout le monde sur MarsTotal Recall
19%

Distribution des résultats

Percentile par nombre de réponses

% des personnes avec chaque résultat

Votre développement - résultats

Vous n’avez pas pris ce quiz